| 000 | 00412nam a2200157Ia 4500 | ||
|---|---|---|---|
| 999 |
_c13970 _d13970 |
||
| 003 | OSt | ||
| 005 | 20260210174549.0 | ||
| 008 | 260210s9999 xx 000 0 und d | ||
| 020 | _a9780727760388 | ||
| 082 | _a346.42024 | ||
| 100 | _aBrian Barr | ||
| 245 | 0 | _aFIDIC Quick Reference Guide: Silver Book | |
| 260 |
_bICE Publishing (Emerald Publishing Limited) _c2014 |
||
| 700 | _aLeo Grutters | ||
| 942 |
_cRD _2ddc |
||